झाँसी की रानी / (Record no. 116425)

MARC details
000 -LEADER
fixed length control field 01351nam a22002897a 4500
003 - CONTROL NUMBER IDENTIFIER
control field dpl
005 - DATE AND TIME OF LATEST TRANSACTION
control field 20180818154914.0
008 - FIXED-LENGTH DATA ELEMENTS--GENERAL INFORMATION
fixed length control field 180818b xxu||||| |||| 00| 0 eng d
010 ## - LIBRARY OF CONGRESS CONTROL NUMBER
LC control number B-005825
020 ## - INTERNATIONAL STANDARD BOOK NUMBER
Terms of availability 225.00
International Standard Book Number 8171195393
035 ## - SYSTEM CONTROL NUMBER
System control number B-005825,B-005832
037 ## - SOURCE OF ACQUISITION
Source of stock number/acquisition Cen Lib/Ret
040 ## - CATALOGING SOURCE
Original cataloging agency DPL
Language of cataloging HN
Transcribing agency 0
082 ## - DEWEY DECIMAL CLASSIFICATION NUMBER
Classification number
Item number महाश्वे
100 ## - MAIN ENTRY--PERSONAL NAME
Personal name महाश्वेता देवी
9 (RLIN) 66468
245 ## - TITLE STATEMENT
Title झाँसी की रानी /
Statement of responsibility, etc महाश्वेता देवी ; अनुवादक रमाशंकर द्रिवेदी
246 ## - VARYING FORM OF TITLE
Title proper/short title Jhansi ki rani
Remainder of title by Mahasweta Devi ; anuvadak Rmashankar Drivedi
260 ## - PUBLICATION, DISTRIBUTION, ETC. (IMPRINT)
Place of publication, distribution, etc नई दिल्ली
Name of publisher, distributor, etc राधा कृषण प्रकाशन
Date of publication, distribution, etc 2000
270 ## - ADDRESS
Address 2/३८, अंसारी मार्ग दरिया गंज
City नई दिल्ली
Postal code 110002
300 ## - PHYSICAL DESCRIPTION
Extent xix,255पृष्ठ. :
Dimensions 21सेमी(सजिल्द)
Other physical details चित्र.
650 ## - SUBJECT ADDED ENTRY--TOPICAL TERM
Topical term or geographic name as entry element हिंदी साहित्य
9 (RLIN) 66469
650 ## - SUBJECT ADDED ENTRY--TOPICAL TERM
Topical term or geographic name as entry element हिंदी उपन्यास -एतिहासिक
9 (RLIN) 42761
650 ## - SUBJECT ADDED ENTRY--TOPICAL TERM
Topical term or geographic name as entry element Hindi literature
9 (RLIN) 66470
650 ## - SUBJECT ADDED ENTRY--TOPICAL TERM
Topical term or geographic name as entry element hindi novel - historical
9 (RLIN) 66471
700 ## - ADDED ENTRY--PERSONAL NAME
Personal name द्रिवेदी, रमाशंकर
9 (RLIN) 40
942 ## - ADDED ENTRY ELEMENTS (KOHA)
Source of classification or shelving scheme Dewey Decimal Classification
Koha item type Hindi Books
Classification part
Call number suffix महाश्वे
Holdings
Withdrawn status Lost status Damaged status Not for loan Home library Current library Date acquired Source of acquisition Cost, normal purchase price Total Checkouts Full call number Barcode Date last seen Copy number Cost, replacement price Price effective from Koha item type Source of classification or shelving scheme
Withdrawn       Central Library Central Library 24/08/2015 Cen Lib /Ret 225.00   उ महाश्वे B-005825 24/08/2015 1 225.00 24/08/2015 Hindi Books  
        Patel Nagar Patel Nagar 18/08/2018 BPPD/PUB 225.00   उ महाश्वे B-005832 18/08/2018   225.00 18/08/2018 Hindi Books Dewey Decimal Classification

© Delhi Public Library
Hit Counter
free hit counter